[Event "European Rapid Championship 2021"]
[Site "Katowice"]
[Date "2021.12.18"]
[Round "3.10"]
[White "Durarbayli, Vasif"]
[Black "Liodakis, Konstantinos-Spyros"]
[Result "1-0"]
[WhiteElo "2532"]
[BlackElo "2114"]
[Annotator "TA"]
[PlyCount "73"]
[EventDate "2021.12.18"]
[EventType "swiss"]
[EventCountry "POL"]
[SourceTitle "playchess.com"]
[Source "ChessBase"]
[SourceQuality "1"]

{[%evp 16,73,19,23,28,10,37,19,25,0,13,0,0,0,0,-13,0,0,0,0,21,37,59,0,0,0,0,
-74,-81,-65,-50,-100,-41,-37,-10,-42,0,-8,0,-121,-80,-80,-12,-35,9,0,19,-54,0,
0,22,-55,0,0,0,0,1681,1646,1509,1359]} 1. e4 {[%cal Be2e4,Be4e5][%mdl 32]} e6
2. d4 d5 3. e5 c5 4. c3 Nc6 5. Nf3 Bd7 6. Be2 f6 7. O-O fxe5 8. dxe5 Qc7 9. Re1
O-O-O {C02: French: Advance Variation.} (9... Nxe5 $2 10. Nxe5 Nf6 11. Bg5 $1
$18) 10. Bf4 Nh6 11. c4 d4 {The position is equal.} 12. Nbd2 Be7 {[#]} 13. Bd3
$146 {[%cal Be2d3,Bd3h7,Bh7e4][%mdl 32]} ({Predecessor:} 13. Ne4 Nf7 14. Bf1
Rdf8 15. Qd2 h6 16. h4 g5 17. hxg5 hxg5 18. Bg3 g4 19. Nh2 {0-1 (38)
Brandenburg,D (2519)-Kuipers,S (2396) Groningen 2011}) 13... Rdf8 14. Bxh6 gxh6
15. a3 Rhg8 16. Bxh7 Rg7 17. Qc2 Bg5 18. Be4 {[%cal Ob2b4]} (18. Nxg5 hxg5 19.
Be4 Nxe5 $17) 18... Bf4 19. b4 (19. g3 $14) 19... Nxe5 $11 20. bxc5 Bxd2 21.
Nxe5 (21. Nxd2 $11 {keeps the balance.} Bc6 22. g3 (22. f3 $2 Rfg8 $19)) 21...
Bxe1 22. Rxe1 {[%cal Oc2d2]} Qxc5 23. Qb2 Ba4 (23... Bc6 $17 24. Bxc6 bxc6) 24.
Nd3 $15 Qb6 {aiming for ...Qxb2.} (24... Qxc4 $2 25. Rc1 Qxc1+ 26. Qxc1+ Rc7
27. Qxh6 $18) 25. Qd2 Rgf7 26. c5 Qb3 {...Bb5 is the strong threat.} 27. f3 (
27. Qxh6 $11 {remains equal.} Rd8 28. h4) 27... Rg8 (27... Qxa3 $6 28. Qa5 Kb8
29. c6 $11) (27... h5 $142 28. Kh1 (28. Ne5 Rc7 $17) 28... Bc6 29. Bxc6 (29.
Ne5 Bxe4 30. Nxf7 Rxf7 $17) 29... bxc6) 28. Qxh6 Rfg7 (28... Qa2 $6 29. g3 $11)
(28... Bc6 $1 $17 {Threatens to win with ...Rfg7.} 29. Bxc6 bxc6) 29. g3 Qa2 (
29... Bb5 $15 {might be stronger.} 30. Nf2 Bc4) 30. Kh1 {[%cal Oc5c6]} (30. Bh7
$2 {gets mated.} Rxg3+ $1 {[%mdl 512]} 31. hxg3 Rxg3+ 32. Kh1 Qg2#) 30... Kb8
31. Nb4 ({White should try} 31. Bh7 $11) 31... Qf2 (31... Qxa3 $15 32. Qf4+ Ka8
) 32. Nd3 $11 Qa2 33. Nb4 (33. c6 $11 Bb5 34. Ne5 (34. cxb7 Bxd3 35. Bxd3 Qxa3
$14) (34. Qf4+ Rc7 $11) 34... bxc6 35. Bxc6 Bxc6 36. Nxc6+ Ka8 37. Nxd4) 33...
Qf2 (33... Qxa3 $15 34. Qf4+ Ka8) 34. Rb1 $40 {[%mdl 128] White attacks.
Dancing on a razor blade.} Ka8 35. c6 bxc6 {[%mdl 8192]} (35... Bxc6 $11 36.
Nxc6 d3) 36. Nxc6 $18 {Threatening mate with Ne7+.} Bc2 {[#]} 37. Qxg7 $1 {
[%mdl 512] Weighted Error Value: White=0.25 (precise) /Black=0.23 (precise)}
1-0

[Event "European Rapid Championship 2021"]
[Site "Katowice"]
[Date "2021.12.18"]
[Round "3.10"]
[White "Fus, Jakub"]
[Black "Krzywda, Andrzej"]
[Result "1-0"]
[WhiteElo "2252"]
[BlackElo "2123"]
[Annotator "NA"]
[PlyCount "99"]
[EventDate "2021.12.18"]
[EventType "swiss"]
[EventCountry "POL"]
[SourceTitle "playchess.com"]
[Source "ChessBase"]
[SourceQuality "1"]
[TimeControl "900+10"]

1. d4 {[%emt 0:00:02]} Nf6 {[%emt 0:00:03]} 2. c4 {[%emt 0:00:01]} c5 {[%emt 0:
00:06]} 3. d5 {[%emt 0:00:03]} b5 {[%emt 0:00:02]} 4. cxb5 {[%emt 0:00:01]} a6
{[%emt 0:00:01]} 5. e3 {[%emt 0:00:02]} g6 {[%emt 0:00:03]} 6. Nc3 {[%emt 0:00:
01]} Bg7 {[%emt 0:00:01]} 7. Nf3 {[%emt 0:00:02]} O-O {[%emt 0:00:02]} 8. a4 {
[%emt 0:00:09]} Bb7 {[%emt 0:00:11]} 9. Ra3 {[%emt 0:00:12]} e6 {[%emt 0:00:01]
} 10. dxe6 {[%emt 0:01:35]} fxe6 {[%emt 0:00:03]} 11. Be2 {[%emt 0:00:46]} d5 {
[%emt 0:00:02]} 12. O-O {[%emt 0:00:05]} Nbd7 {[%emt 0:00:38]} 13. bxa6 {
[%emt 0:01:16]} Bxa6 {[%emt 0:00:10]} 14. Bxa6 {[%emt 0:00:20]} Rxa6 {[%emt 0:
00:01]} 15. e4 {[%emt 0:00:49]} d4 {[%emt 0:01:40]} 16. Nb5 {[%emt 0:00:02]}
Qb8 {[%emt 0:02:01]} 17. Nd2 {[%emt 0:00:57]} Ne5 {[%emt 0:01:55]} 18. f4 {
[%emt 0:00:21]} Nc6 {[%emt 0:00:21]} 19. e5 {[%emt 0:02:11]} Nd5 {[%emt 0:01:
20]} 20. Ne4 {[%emt 0:00:02]} Qb6 {[%emt 0:03:05]} 21. Qc2 {[%emt 0:00:01]} Bh6
{[%emt 0:04:42]} 22. Rh3 {[%emt 0:02:18]} Bg7 {[%emt 0:00:49]} 23. b3 {[%emt 0:
00:09]} d3 {[%emt 0:01:17]} 24. Qxc5 {[%emt 0:00:17]} Ncb4 {[%emt 0:00:22]} 25.
Qxb6 {[%emt 0:00:11]} Rxb6 {[%emt 0:00:01]} 26. Nc5 {[%emt 0:00:05]} Rc8 {
[%emt 0:00:09]} 27. Nxd3 {[%emt 0:00:17]} Bf8 {[%emt 0:00:16]} 28. Nd6 {
[%emt 0:01:17]} Rc2 {[%emt 0:00:12]} 29. Nxb4 {[%emt 0:00:47]} Rxb4 {[%emt 0:
00:09]} 30. Rd3 {[%emt 0:00:26]} Nc3 {[%emt 0:00:06]} 31. Rxc3 {[%emt 0:00:57]}
Rxc3 {[%emt 0:00:01]} 32. Bd2 {[%emt 0:00:01]} Rcxb3 {[%emt 0:00:01]} 33. Bxb4
{[%emt 0:00:03]} Rxb4 {[%emt 0:00:01]} 34. Ra1 {[%emt 0:00:04]} Bxd6 {[%emt 0:
00:43]} 35. exd6 {[%emt 0:00:02]} Rd4 {[%emt 0:00:06]} 36. a5 {[%emt 0:00:06]}
Rxd6 {[%emt 0:00:02]} 37. a6 {[%emt 0:00:01]} Rd8 {[%emt 0:00:01]} 38. a7 {
[%emt 0:00:01]} Ra8 {[%emt 0:00:01]} 39. Kf2 {[%emt 0:00:01]} Kf7 {[%emt 0:00:
02]} 40. Ke3 {[%emt 0:00:01]} Ke7 {[%emt 0:00:03]} 41. Ke4 {[%emt 0:00:02]} Kd7
{[%emt 0:00:16]} 42. Ke5 {[%emt 0:00:01]} Ke7 {[%emt 0:00:30]} 43. Ra6 {
[%emt 0:00:02]} Kf7 {[%emt 0:00:02]} 44. Kd6 {[%emt 0:00:07]} Kf6 {[%emt 0:00:
01]} 45. Ra5 {[%emt 0:00:01]} h6 {[%emt 0:00:21]} 46. h4 {[%emt 0:00:01]} g5 {
[%emt 0:00:36]} 47. hxg5+ {[%emt 0:00:02]} hxg5 {[%emt 0:00:01]} 48. fxg5+ {
[%emt 0:00:01]} Kg6 {[%emt 0:00:02]} 49. Kc7 {[%emt 0:00:05]} e5 {[%emt 0:00:
03]} 50. Kb7 {[%emt 0:00:02]} 1-0

[Event "European Rapid Championship 2021"]
[Site "Katowice"]
[Date "2021.12.18"]
[Round "3.11"]
[White "Grabarczyk, Miroslaw"]
[Black "Czernek, Tymon"]
[Result "1/2-1/2"]
[WhiteElo "2373"]
[BlackElo "2197"]
[Annotator "NA"]
[PlyCount "78"]
[EventDate "2021.12.18"]
[EventType "swiss"]
[EventCountry "POL"]
[SourceTitle "playchess.com"]
[Source "ChessBase"]
[SourceQuality "1"]
[TimeControl "900+10"]

1. d4 {[%emt 0:00:02]} Nf6 {[%emt 0:00:01]} 2. c4 {[%emt 0:00:02]} g6 {[%emt 0:
00:01]} 3. Nf3 {[%emt 0:00:02]} Bg7 {[%emt 0:00:01]} 4. g3 {[%emt 0:00:02]} O-O
{[%emt 0:00:03]} 5. Bg2 {[%emt 0:00:02]} d6 {[%emt 0:00:01]} 6. Nc3 {[%emt 0:
00:02]} Nc6 {[%emt 0:00:08]} 7. O-O {[%emt 0:00:04]} e5 {[%emt 0:00:04]} 8.
dxe5 {[%emt 0:00:24]} dxe5 {[%emt 0:00:09]} 9. Qxd8 {[%emt 0:00:03]} Rxd8 {
[%emt 0:00:02]} 10. Bg5 {[%emt 0:00:03]} Be6 {[%emt 0:00:14]} 11. Nd2 {[%emt 0:
00:15]} h6 {[%emt 0:00:17]} 12. Bxf6 {[%emt 0:00:12]} Bxf6 {[%emt 0:00:03]} 13.
Nde4 {[%emt 0:00:40]} Be7 {[%emt 0:00:02]} 14. Nd5 {[%emt 0:00:11]} Bxd5 {
[%emt 0:00:31]} 15. cxd5 {[%emt 0:00:02]} Nb4 {[%emt 0:00:01]} 16. Nc3 {
[%emt 0:00:19]} f5 {[%emt 0:00:25]} 17. Rac1 {[%emt 0:02:18]} Bg5 {[%emt 0:00:
47]} 18. Rcd1 {[%emt 0:01:07]} e4 {[%emt 0:00:34]} 19. a3 {[%emt 0:00:10]} Na6
{[%emt 0:00:02]} 20. f3 {[%emt 0:00:25]} exf3 {[%emt 0:00:17]} 21. Bxf3 {
[%emt 0:00:07]} Bf6 {[%emt 0:00:48]} 22. e4 {[%emt 0:01:42]} Bxc3 {[%emt 0:00:
21]} 23. bxc3 {[%emt 0:00:03]} fxe4 {[%emt 0:00:01]} 24. Bxe4 {[%emt 0:00:19]}
Rd6 {[%emt 0:00:02]} 25. Bg2 {[%emt 0:00:46]} Re8 {[%emt 0:00:33]} 26. Rde1 {
[%emt 0:00:23]} Rxe1 {[%emt 0:00:03]} 27. Rxe1 {[%emt 0:00:01]} Kf7 {[%emt 0:
00:08]} 28. c4 {[%emt 0:00:22]} Nc5 {[%emt 0:00:10]} 29. Re3 {[%emt 0:00:57]}
Rb6 {[%emt 0:00:25]} 30. h4 {[%emt 0:00:14]} Rb3 {[%emt 0:00:25]} 31. Kf2 {
[%emt 0:00:25]} Kf6 {[%emt 0:01:19]} 32. Re8 {[%emt 0:00:41]} Rxa3 {[%emt 0:00:
32]} 33. Rc8 {[%emt 0:00:15]} Nd3+ {[%emt 0:00:51]} 34. Ke2 {[%emt 0:00:51]}
Ke5 {[%emt 0:02:05]} 35. Rxc7 {[%emt 0:00:13]} Kd4 {[%emt 0:00:02]} 36. d6 {
[%emt 0:01:23]} Ra2+ {[%emt 0:02:38]} 37. Kf1 {[%emt 0:00:08]} Ra1+ {[%emt 0:
00:36]} 38. Ke2 {[%emt 0:00:02]} Ra2+ {[%emt 0:00:46]} 39. Kf1 {[%emt 0:00:02]}
Ra1+ {[%emt 0:00:01]} 1/2-1/2

[Event "European Rapid Championship 2021"]
[Site "Katowice"]
[Date "2021.12.18"]
[Round "3.11"]
[White "Pavlidou, Ekaterini"]
[Black "Klekowski, Maciej"]
[Result "0-1"]
[WhiteElo "2172"]
[BlackElo "2528"]
[Annotator "ChessBase"]
[PlyCount "58"]
[EventDate "2021.12.18"]
[EventType "swiss"]
[EventCountry "POL"]
[SourceTitle "playchess.com"]
[Source "ChessBase"]
[SourceQuality "1"]
[TimeControl "900+10"]

1. d4 {[%emt 0:00:04]} Nf6 {[%emt 0:00:01]} 2. c4 {[%emt 0:00:02]} e6 {[%emt 0:
00:02]} 3. Nc3 {[%emt 0:00:02]} Bb4 {[%emt 0:00:01]} 4. e3 {[%emt 0:00:02]} O-O
{[%emt 0:00:06]} 5. Nf3 {[%emt 0:00:03]} b6 {[%emt 0:00:02]} 6. Bd2 {[%emt 0:
00:03]} Bb7 {[%emt 0:00:01]} 7. Bd3 {[%emt 0:00:04]} d5 {[%emt 0:00:04]} 8.
cxd5 {[%emt 0:00:04]} exd5 {[%emt 0:00:01]} 9. Rc1 {[%emt 0:00:01]} a6 {
[%emt 0:00:01]} 10. O-O {[%emt 0:00:05]} Bd6 {[%emt 0:00:08]} 11. Ne5 {[%emt 0:
00:08]} c5 {[%emt 0:00:55]} 12. f4 {[%emt 0:00:04]} Nc6 {[%emt 0:00:25]} 13.
Ng4 {[%emt 0:01:34]} Be7 {[%emt 0:09:10]} 14. Nxf6+ {[%emt 0:00:06]} Bxf6 {
[%emt 0:00:01]} 15. Qh5 {[%emt 0:00:35]} g6 {[%emt 0:00:02]} 16. Qxd5 {[%emt 0:
00:33]} cxd4 {[%emt 0:00:52]} 17. Qxd8 {[%emt 0:01:11]} Raxd8 {[%emt 0:00:20]}
18. Ne4 {[%emt 0:01:04]} Bg7 {[%emt 0:00:07]} 19. Bb1 {[%emt 0:02:04]} Rfe8 {
[%emt 0:00:22]} 20. f5 {[%emt 0:01:05]} gxf5 {[%emt 0:00:20]} 21. Rxf5 {
[%emt 0:00:59]} dxe3 {[%emt 0:00:02]} 22. Bxe3 {[%emt 0:00:35]} Nd4 {[%emt 0:
00:01]} 23. Bxd4 {[%emt 0:00:06]} Bxe4 {[%emt 0:00:36]} 24. Bxb6 {[%emt 0:00:
29]} Bxf5 {[%emt 0:00:11]} 25. Bxf5 {[%emt 0:00:26]} Rb8 {[%emt 0:00:08]} 26.
Bc7 {[%emt 0:00:28]} Rxb2 {[%emt 0:00:12]} 27. Bd7 {[%emt 0:00:04]} Bd4+ {
[%emt 0:00:03]} 28. Kh1 {[%emt 0:00:12]} Rc2 {[%emt 0:00:39]} 29. Rd1 {[%emt 0:
00:01]} Re7 {[%emt 0:00:03]} 0-1

[Event "European Rapid Championship 2021"]
[Site "Katowice"]
[Date "2021.12.18"]
[Round "3.12"]
[White "Tazbir, Marcin"]
[Black "Sliwicki, Damian"]
[Result "1-0"]
[WhiteElo "2514"]
[BlackElo "2107"]
[Annotator "TA"]
[PlyCount "81"]
[EventDate "2021.12.18"]
[EventType "swiss"]
[EventCountry "POL"]
[SourceTitle "playchess.com"]
[Source "ChessBase"]
[SourceQuality "1"]

{[%evp 16,81,0,0,46,39,58,55,70,66,57,66,74,55,126,125,115,93,178,179,183,179,
185,175,188,179,178,175,286,252,271,284,252,257,266,208,209,202,200,182,211,
210,231,228,229,239,280,244,335,319,927,926,878,889,1432,1028,1289,982,1445,
676,637,663,663,439,531,345,29994,29995]} 1. e4 c5 2. Nf3 g6 3. g3 Bg7 4. Bg2
Nc6 5. O-O d6 6. c3 e5 7. a3 Nge7 8. b4 {[%cal Bb2b4,Bb4b5][%mdl 32]} O-O 9. d3
a5 {A04: Unusual lines after 1 Nf3 and King's Indian Attack.} (9... a6 $11) 10.
b5 {[#]} Na7 $146 ({Predecessor:} 10... Nb8 11. a4 b6 12. Na3 Ra7 13. Be3 d5
14. Qc1 Bg4 15. Bh6 dxe4 16. dxe4 Bxh6 17. Qxh6 Bxf3 18. Bxf3 {1-0 (26) Ortel,
E (2315)-Hajdu,I (2186) Hungary 2002}) 11. c4 f5 {White is slightly better.}
12. Nc3 {White is more active.} f4 13. Ne2 h6 {[#]} 14. h4 $1 {To avoid g5} (
14. gxf4 $6 exf4 15. Rb1 (15. Bxf4 Bg4 $17) 15... g5 $11) 14... fxg3 (14... Be6
$14) 15. fxg3 $16 Be6 16. Be3 Qd7 (16... Nac8 $16) 17. Qd2 $18 {[%csl LRa5,
LRh6]} Kh7 18. Qxa5 Ng8 19. Nh2 Nf6 20. a4 b6 21. Qd2 (21. Qxb6 Rfb8 22. Qa5
Nxb5 23. axb5 Rxa5 24. Rxa5 Nh5 $14) 21... Ng4 (21... Nc8 $142 22. a5 bxa5) 22.
Nxg4 Bxg4 23. Nc3 Rxf1+ 24. Rxf1 {Nd5 is the strong threat.} (24. Bxf1 $6 Nc8
25. Nd5 Qa7 $16) 24... Nc8 25. Ra1 Ne7 26. Kh2 Be6 27. Qe2 Ng8 28. Nd5 Bxd5 29.
cxd5 ({But not} 29. exd5 $6 Nf6) 29... h5 30. Bh3 Qc7 31. g4 hxg4 32. Qxg4 ({
Not} 32. Bxg4 Bh6 33. Bg5 Bxg5 34. hxg5 Kg7 $18) 32... c4 $2 (32... Qf7 33. Bg5
Qf2+ 34. Kh1 (34. Qg2 Qf8 $18) 34... Nf6 35. Bxf6 Bxf6) 33. h5 {[%cal Bh4h5,
Bh5h6,Bh6h7][%mdl 32]} g5 34. Qxg5 cxd3 35. Qg6+ Kh8 36. h6 Bf6 37. Rc1 (37.
Bf5 $142 Rf8 {[#]} 38. Bxb6 $1 {[%mdl 512]}) 37... Qh7 38. Qxh7+ Kxh7 39. Bf5+
Kh8 40. Rc8 Rxa4 (40... Rxc8 $18 41. Bxc8 Bd8) 41. h7 {Weighted Error Value:
White=0.36/Black=0.54} 1-0

[Event "European Rapid Championship 2021"]
[Site "Katowice"]
[Date "2021.12.18"]
[Round "3.12"]
[White "Povilaitis, Tomas"]
[Black "Wisniewski, Michal"]
[Result "1/2-1/2"]
[WhiteElo "2006"]
[BlackElo "2248"]
[Annotator "NA"]
[PlyCount "83"]
[EventDate "2021.12.18"]
[EventType "swiss"]
[EventCountry "POL"]
[SourceTitle "playchess.com"]
[Source "ChessBase"]
[SourceQuality "1"]
[TimeControl "900+10"]

1. e4 {[%emt 0:00:14]} Nf6 {[%emt 0:00:02]} 2. e5 {[%emt 0:00:16]} Nd5 {
[%emt 0:00:01]} 3. c4 {[%emt 0:00:01]} Nb6 {[%emt 0:00:01]} 4. d4 {[%emt 0:00:
04]} d6 {[%emt 0:00:01]} 5. exd6 {[%emt 0:00:04]} cxd6 {[%emt 0:00:01]} 6. Nc3
{[%emt 0:00:04]} g6 {[%emt 0:00:02]} 7. Be2 {[%emt 0:00:03]} Bg7 {[%emt 0:00:
02]} 8. Be3 {[%emt 0:00:04]} O-O {[%emt 0:00:02]} 9. h3 {[%emt 0:00:04]} Nc6 {
[%emt 0:00:11]} 10. Nf3 {[%emt 0:00:06]} Bf5 {[%emt 0:00:03]} 11. O-O {[%emt 0:
00:06]} d5 {[%emt 0:00:01]} 12. b3 {[%emt 0:00:58]} dxc4 {[%emt 0:01:02]} 13.
bxc4 {[%emt 0:00:12]} Rc8 {[%emt 0:00:10]} 14. Rc1 {[%emt 0:00:42]} Na5 {
[%emt 0:01:42]} 15. c5 {[%emt 0:01:31]} Nd5 {[%emt 0:00:01]} 16. Nxd5 {[%emt 0:
00:23]} Qxd5 {[%emt 0:00:02]} 17. Qa4 {[%emt 0:00:01]} b6 {[%emt 0:00:02]} 18.
Bd2 {[%emt 0:02:38]} Nc6 {[%emt 0:07:34]} 19. Bc4 {[%emt 0:00:09]} Qd8 {
[%emt 0:00:02]} 20. Ba6 {[%emt 0:00:49]} Nxd4 {[%emt 0:01:40]} 21. Nxd4 {
[%emt 0:00:24]} Bxd4 {[%emt 0:00:25]} 22. Bxc8 {[%emt 0:00:07]} Bxc8 {[%emt 0:
00:01]} 23. Bh6 {[%emt 0:00:32]} Re8 {[%emt 0:00:09]} 24. Rfd1 {[%emt 0:02:09]}
bxc5 {[%emt 0:00:05]} 25. Rxc5 {[%emt 0:01:29]} Bxc5 {[%emt 0:00:10]} 26. Rxd8
{[%emt 0:00:02]} Rxd8 {[%emt 0:00:01]} 27. Qc6 {[%emt 0:00:45]} Bd6 {[%emt 0:
01:49]} 28. Qc3 {[%emt 0:00:22]} f6 {[%emt 0:00:11]} 29. Qa5 {[%emt 0:00:43]}
Re8 {[%emt 0:01:07]} 30. Qd5+ {[%emt 0:00:01]} Kh8 {[%emt 0:00:00]} 31. Qf7 {
[%emt 0:01:02]} Rg8 {[%emt 0:00:02]} 32. a4 {[%emt 0:00:40]} Bd7 {[%emt 0:00:
03]} 33. a5 {[%emt 0:00:09]} Be8 {[%emt 0:00:01]} 34. Qd5 {[%emt 0:00:38]} Bd7
{[%emt 0:00:05]} 35. f4 {[%emt 0:00:46]} Rb8 {[%emt 0:01:03]} 36. Qf7 {[%emt 0:
00:14]} Rg8 {[%emt 0:00:01]} 37. h4 {[%emt 0:00:53]} a6 {[%emt 0:00:04]} 38.
Kh2 {[%emt 0:00:40]} Be8 {[%emt 0:00:02]} 39. Qe6 Bc6 {[%emt 0:00:12]} 40. Qf7
{[%emt 0:00:35]} Be8 {[%emt 0:00:01]} 41. Qe6 {[%emt 0:00:01]} Bc6 {[%emt 0:00:
03]} 42. Qf7 {[%emt 0:00:12]} 1/2-1/2

[Event "European Rapid Championship 2021"]
[Site "Katowice"]
[Date "2021.12.18"]
[Round "3.13"]
[White "Starek, Stanislav"]
[Black "Stefansson, Hannes"]
[Result "0-1"]
[WhiteElo "2107"]
[BlackElo "2519"]
[Annotator "TA"]
[PlyCount "30"]
[EventDate "2021.12.18"]
[EventType "swiss"]
[EventCountry "POL"]
[SourceTitle "playchess.com"]
[Source "ChessBase"]
[SourceQuality "1"]

{[%evp 9,30,-7,5,-31,-32,-37,-41,-31,0,-23,-4,-22,-12,-129,-109,-486,-464,-573,
-580,-586,-582,-590,-554]} 1. d4 Nf6 2. Nf3 b6 3. Bg5 Bb7 4. Nbd2 e6 5. e3 h6
6. Bf4 {A47: 1 d4 Nf6 2 Nf3 b6: Torre, London and Colle Systems.} Nh5 {[#]} 7.
Bd3 $146 ({Predecessor:} 7. Be5 d6 8. Bg3 Nxg3 9. hxg3 Be7 10. Bd3 Nd7 11. c3
c5 12. Rc1 d5 13. Qa4 {½-½ (41) Sheka,N (1644)-Kayan,Y (1472) Mamaia 2017})
7... Nxf4 8. exf4 {Black is slightly better.} c5 9. Qe2 cxd4 10. Nxd4 Nc6 11.
Nf5 (11. Nxc6 $11 {keeps the balance.} Bxc6 12. O-O) 11... g6 12. Nh4 {[%mdl
8192] [#] Loses the game.} Qxh4 $19 {Black is clearly winning.} 13. O-O-O Qxf4
14. Kb1 Bg7 15. g3 Qe5 {Weighted Error Value: White=1.05/Black=0.09 (flawless)}
0-1

[Event "European Rapid Championship 2021"]
[Site "Katowice"]
[Date "2021.12.18"]
[Round "3.13"]
[White "Kanicki, Krzysztof"]
[Black "Mis, Mieszko"]
[Result "0-1"]
[WhiteElo "2004"]
[BlackElo "2237"]
[Annotator "NA"]
[PlyCount "66"]
[EventDate "2021.12.18"]
[EventType "swiss"]
[EventCountry "POL"]
[SourceTitle "playchess.com"]
[Source "ChessBase"]
[SourceQuality "1"]
[TimeControl "900+10"]

1. e4 {[%emt 0:00:02]} c6 {[%emt 0:00:08]} 2. d4 {[%emt 0:00:02]} d5 {[%emt 0:
00:01]} 3. e5 {[%emt 0:00:03]} Bf5 {[%emt 0:00:03]} 4. Nf3 {[%emt 0:00:01]} e6
{[%emt 0:00:03]} 5. Be2 {[%emt 0:00:05]} c5 {[%emt 0:00:16]} 6. Be3 {[%emt 0:
00:36]} Qb6 {[%emt 0:00:11]} 7. Nc3 {[%emt 0:01:35]} Nc6 {[%emt 0:00:04]} 8.
dxc5 {[%emt 0:01:40]} Bxc5 {[%emt 0:00:16]} 9. Bxc5 {[%emt 0:00:21]} Qxc5 {
[%emt 0:00:01]} 10. Nb5 {[%emt 0:00:15]} Kf8 {[%emt 0:00:08]} 11. c3 {[%emt 0:
00:57]} Be4 {[%emt 0:00:54]} 12. b4 {[%emt 0:01:25]} Qb6 {[%emt 0:00:38]} 13.
Nbd4 {[%emt 0:00:08]} Nge7 {[%emt 0:00:49]} 14. O-O {[%emt 0:00:18]} Bxf3 {
[%emt 0:01:05]} 15. Nxf3 {[%emt 0:00:08]} Qc7 {[%emt 0:00:51]} 16. Qd2 {
[%emt 0:01:14]} Nxe5 {[%emt 0:01:17]} 17. Nxe5 {[%emt 0:00:06]} Qxe5 {[%emt 0:
00:01]} 18. f4 {[%emt 0:00:08]} Qf6 {[%emt 0:00:26]} 19. c4 {[%emt 0:01:07]} g6
{[%emt 0:01:18]} 20. c5 {[%emt 0:00:20]} Kg7 {[%emt 0:00:23]} 21. Rac1 {
[%emt 0:00:07]} Rac8 {[%emt 0:00:59]} 22. Rfd1 {[%emt 0:00:13]} h5 {[%emt 0:00:
26]} 23. a4 {[%emt 0:00:27]} Rc7 {[%emt 0:00:19]} 24. Rc2 {[%emt 0:01:05]} Rhc8
{[%emt 0:00:07]} 25. a5 {[%emt 0:01:01]} Nf5 {[%emt 0:00:41]} 26. Bf3 {[%emt 0:
01:22]} b6 {[%emt 0:01:02]} 27. axb6 {[%emt 0:01:43]} axb6 {[%emt 0:00:01]} 28.
Rdc1 {[%emt 0:00:03]} bxc5 {[%emt 0:02:37]} 29. Rxc5 {[%emt 0:00:48]} Rxc5 {
[%emt 0:00:16]} 30. bxc5 {[%emt 0:00:10]} Qd4+ {[%emt 0:01:33]} 31. Qxd4+ {
[%emt 0:00:01]} Nxd4 {[%emt 0:00:00]} 32. Bd1 {[%emt 0:01:28]} f6 {[%emt 0:00:
04]} 33. Ba4 {[%emt 0:00:18]} Ne2+ {[%emt 0:00:02]} 0-1

[Event "European Rapid Championship 2021"]
[Site "Katowice"]
[Date "2021.12.18"]
[Round "3.14"]
[White "Sumets, Andrey"]
[Black "Rigopoulos-Tsigkos, Alexandros"]
[Result "1-0"]
[WhiteElo "2508"]
[BlackElo "2076"]
[Annotator "ChessBase"]
[PlyCount "61"]
[EventDate "2021.12.18"]
[EventType "swiss"]
[EventCountry "POL"]
[SourceTitle "playchess.com"]
[Source "ChessBase"]
[SourceQuality "1"]
[TimeControl "900+10"]

1. e4 {[%emt 0:00:05]} c5 {[%emt 0:03:19]} 2. Nf3 {[%emt 0:00:12]} e6 {[%emt 0:
00:01]} 3. d4 {[%emt 0:00:04]} cxd4 {[%emt 0:00:01]} 4. Nxd4 {[%emt 0:00:01]}
a6 {[%emt 0:00:01]} 5. Nc3 {[%emt 0:00:06]} b5 {[%emt 0:00:01]} 6. Bd3 {
[%emt 0:00:01]} Bb7 {[%emt 0:00:01]} 7. O-O {[%emt 0:00:18]} Bc5 {[%emt 0:00:
02]} 8. Nb3 {[%emt 0:02:09]} Be7 {[%emt 0:00:01]} 9. e5 {[%emt 0:01:21]} Qc7 {
[%emt 0:00:07]} 10. Re1 {[%emt 0:00:21]} Nc6 {[%emt 0:00:04]} 11. Bf4 {[%emt 0:
00:21]} g5 {[%emt 0:02:04]} 12. Bg3 {[%emt 0:00:13]} h5 {[%emt 0:00:10]} 13. h3
{[%emt 0:00:02]} h4 {[%emt 0:02:54]} 14. Bh2 {[%emt 0:00:02]} Nh6 {[%emt 0:00:
02]} 15. Qe2 {[%emt 0:02:46]} g4 {[%emt 0:01:00]} 16. hxg4 {[%emt 0:00:07]} Rg8
{[%emt 0:00:45]} 17. f3 {[%emt 0:00:24]} O-O-O {[%emt 0:01:04]} 18. a4 {
[%emt 0:00:07]} b4 {[%emt 0:00:16]} 19. Ne4 {[%emt 0:00:04]} Nxe5 {[%emt 0:01:
07]} 20. Nf2 {[%emt 0:01:10]} d6 {[%emt 0:00:51]} 21. Bxa6 {[%emt 0:00:31]} f5
{[%emt 0:00:38]} 22. Bxb7+ {[%emt 0:01:07]} Qxb7 {[%emt 0:00:08]} 23. Bxe5 {
[%emt 0:00:13]} dxe5 {[%emt 0:00:19]} 24. Na5 {[%emt 0:00:51]} Qb6 {[%emt 0:00:
32]} 25. Qc4+ {[%emt 0:00:43]} Kd7 {[%emt 0:02:07]} 26. Rxe5 {[%emt 0:00:24]}
Bf6 {[%emt 0:00:49]} 27. Rb5 {[%emt 0:00:29]} Qe3 {[%emt 0:00:35]} 28. Rb7+ {
[%emt 0:01:51]} Ke8 {[%emt 0:00:03]} 29. Qb5+ {[%emt 0:00:06]} Kf8 {[%emt 0:00:
06]} 30. Qxb4+ {[%emt 0:00:03]} Ke8 {[%emt 0:00:04]} 31. Re1 {[%emt 0:00:14]}
1-0